000 00263nam a22001217a 4500
008 170622b xxu||||| |||| 00| 0 eng d
041 _aeng
080 _a32
100 _a21
101 _aSHP
245 _aGOVERNMENT IN AMERICA
_cEDWARDS.G.C
942 _2udc
_cBK
999 _c18788
_d18788